Space Jam Trivia - Statistics

General Stats
  • This quiz has been taken 24 times
  • The average score is 9 of 29
Answer Stats
Hint Answer % Correct
Main Character/Starting Lineup #5 Michael Jordan
83%
MJ's number 23
78%
What sport was MJ playing professionally Baseball
78%
What was MJ playing when he got sucked into Looney Tunes Land Golf
72%
1 of 5 NBA stars who's talent was stolen (CB) Charles Barkley
61%
Starting Lineup #4 Bugs Bunny
56%
Challengers Team Name MonStars
50%
What NBA star was playing with MJ Larry Bird
44%
Starting Lineup #2 Lola Bunny
44%
Starting Lineup #3 Daffy Duck
39%
Home Team Name Toon Squad
39%
"We need something crazy! We need something wacky! We need something ______!" Looney
33%
1 of 5 NBA stars who's talent was stolen (PE) Patrick Ewing
33%
1 of 5 NBA stars who's talent was stolen (SB) Shawn Bradley
28%
Song played at the very beginning Space Jam
28%
Starting Lineup #1 Tazmanian Devil
28%
Where are the challengers from Moron Mountain
22%
What was "Michael's Secret Stuff" Water
22%
What professional team was MJ playing for Barons
17%
1 of 5 NBA stars who's talent was stolen (LJ) Larry Johnson
17%
1 of 5 NBA stars who's talent was stolen (MB) Muggsy Bogues
17%
What does Lola hate to be called Doll
11%
Toon Squad member that performed the iconic Air Jordan dunk Elmer Fudd
6%
What was the punishment if the Toon Squad lost Slavery
6%
Who said "We've got balls" Sylvester
6%
What was the halftime score (write in the form ##-##) 66-18
0%
What was the final score (write in the form ##-##) 77-78
0%
How did the Looney Toons renew their gym Spit-Shine
0%
Boss of the opposing team Swackhammer
0%
No matching quizzes found
Score Distribution
Percent of People with Each Score
Percentile by Number Answered
Your Score History
You have not taken this quiz